<?xml version="1.0" encoding="UTF-8"?>
<collection xmlns="http://www.loc.gov/MARC21/slim">
 <record>
  <leader>02599aam a22003498a 4500</leader>
  <controlfield tag="001">NCT_18123</controlfield>
  <controlfield tag="008">120806s2012                  ||||||viesd</controlfield>
  <datafield tag="999" ind1=" " ind2=" ">
   <subfield code="c">858</subfield>
   <subfield code="d">858</subfield>
  </datafield>
  <datafield tag="020" ind1=" " ind2=" ">
   <subfield code="c">23000</subfield>
  </datafield>
  <datafield tag="082" ind1="0" ind2="4">
   <subfield code="2">23rd ed.</subfield>
   <subfield code="a">631.4</subfield>
   <subfield code="b">M312</subfield>
  </datafield>
  <datafield tag="100" ind1="1" ind2=" ">
   <subfield code="a">Võ Quang Minh</subfield>
   <subfield code="e">Chủ biên</subfield>
  </datafield>
  <datafield tag="245" ind1="0" ind2="0">
   <subfield code="a">Giáo trình nguồn gốc, phân loại, khảo sát, lập bản đồ đất</subfield>
   <subfield code="c">Võ Quang Minh (chủ biên)</subfield>
  </datafield>
  <datafield tag="260" ind1=" " ind2=" ">
   <subfield code="a">Cần Thơ</subfield>
   <subfield code="b">Nxb. Đại học Cần Thơ</subfield>
   <subfield code="c">2012</subfield>
  </datafield>
  <datafield tag="300" ind1=" " ind2=" ">
   <subfield code="a">130tr.</subfield>
   <subfield code="b">minh hoạ</subfield>
   <subfield code="c">24cm</subfield>
  </datafield>
  <datafield tag="520" ind1="3" ind2=" ">
   <subfield code="a">Trình bày nguồn gốc và các tiến trình hình thành đất. Lịch sử phát triển các hệ thống phân loại đất thế giới. Hệ thống phân loại đất WRB/FAO. Bản đồ đất và tỉ lệ bản đồ. Khảo sát lập bản đồ đất. Ảnh viễn thám, nội nghiệp và viết thuyết minh bản đồ đất</subfield>
  </datafield>
  <datafield tag="653" ind1=" " ind2=" ">
   <subfield code="a">Quản lý đất đai</subfield>
  </datafield>
  <datafield tag="655" ind1=" " ind2="7">
   <subfield code="a">Giáo trình</subfield>
  </datafield>
  <datafield tag="700" ind1="1" ind2=" ">
   <subfield code="a">Phạm Thanh Vũ</subfield>
  </datafield>
  <datafield tag="700" ind1="1" ind2=" ">
   <subfield code="a">Lê Quang Trí</subfield>
  </datafield>
  <datafield tag="700" ind1="1" ind2=" ">
   <subfield code="a">Võ Tòng Anh</subfield>
  </datafield>
  <datafield tag="700" ind1="1" ind2=" ">
   <subfield code="a">Trần Kim Tính</subfield>
  </datafield>
  <datafield tag="942" ind1=" " ind2=" ">
   <subfield code="2">ddc</subfield>
   <subfield code="c">BK</subfield>
  </datafield>
  <datafield tag="952" ind1=" " ind2=" ">
   <subfield code="0">0</subfield>
   <subfield code="1">0</subfield>
   <subfield code="2">ddc</subfield>
   <subfield code="4">0</subfield>
   <subfield code="6">631_400000000000000_M312</subfield>
   <subfield code="7">0</subfield>
   <subfield code="9">4183</subfield>
   <subfield code="a">000001</subfield>
   <subfield code="b">000001</subfield>
   <subfield code="d">2017-11-24</subfield>
   <subfield code="o">631.4 M312</subfield>
   <subfield code="p">MD.03994</subfield>
   <subfield code="r">2017-11-24</subfield>
   <subfield code="v">23000.00</subfield>
   <subfield code="w">2017-11-24</subfield>
   <subfield code="y">BK</subfield>
  </datafield>
  <datafield tag="952" ind1=" " ind2=" ">
   <subfield code="0">0</subfield>
   <subfield code="1">0</subfield>
   <subfield code="2">ddc</subfield>
   <subfield code="4">0</subfield>
   <subfield code="6">631_400000000000000_M312</subfield>
   <subfield code="7">0</subfield>
   <subfield code="9">4184</subfield>
   <subfield code="a">000001</subfield>
   <subfield code="b">000001</subfield>
   <subfield code="d">2017-11-24</subfield>
   <subfield code="o">631.4 M312</subfield>
   <subfield code="p">MD.03995</subfield>
   <subfield code="r">2017-11-24</subfield>
   <subfield code="v">23000.00</subfield>
   <subfield code="w">2017-11-24</subfield>
   <subfield code="y">BK</subfield>
  </datafield>
  <datafield tag="952" ind1=" " ind2=" ">
   <subfield code="0">0</subfield>
   <subfield code="1">0</subfield>
   <subfield code="2">ddc</subfield>
   <subfield code="4">0</subfield>
   <subfield code="6">631_400000000000000_M312</subfield>
   <subfield code="7">0</subfield>
   <subfield code="9">4185</subfield>
   <subfield code="a">000001</subfield>
   <subfield code="b">000001</subfield>
   <subfield code="d">2017-11-24</subfield>
   <subfield code="o">631.4 M312</subfield>
   <subfield code="p">MD.03996</subfield>
   <subfield code="r">2017-11-24</subfield>
   <subfield code="v">23000.00</subfield>
   <subfield code="w">2017-11-24</subfield>
   <subfield code="y">BK</subfield>
  </datafield>
  <datafield tag="952" ind1=" " ind2=" ">
   <subfield code="0">0</subfield>
   <subfield code="1">0</subfield>
   <subfield code="2">ddc</subfield>
   <subfield code="4">0</subfield>
   <subfield code="6">631_400000000000000_M312</subfield>
   <subfield code="7">0</subfield>
   <subfield code="9">4186</subfield>
   <subfield code="a">000001</subfield>
   <subfield code="b">000001</subfield>
   <subfield code="d">2017-11-24</subfield>
   <subfield code="o">631.4 M312</subfield>
   <subfield code="p">MD.03997</subfield>
   <subfield code="r">2017-11-24</subfield>
   <subfield code="v">23000.00</subfield>
   <subfield code="w">2017-11-24</subfield>
   <subfield code="y">BK</subfield>
  </datafield>
  <datafield tag="952" ind1=" " ind2=" ">
   <subfield code="0">0</subfield>
   <subfield code="1">0</subfield>
   <subfield code="2">ddc</subfield>
   <subfield code="4">0</subfield>
   <subfield code="6">631_400000000000000_M312</subfield>
   <subfield code="7">0</subfield>
   <subfield code="9">4187</subfield>
   <subfield code="a">000001</subfield>
   <subfield code="b">000001</subfield>
   <subfield code="d">2017-11-24</subfield>
   <subfield code="o">631.4 M312</subfield>
   <subfield code="p">MD.03998</subfield>
   <subfield code="r">2017-11-24</subfield>
   <subfield code="v">23000.00</subfield>
   <subfield code="w">2017-11-24</subfield>
   <subfield code="y">BK</subfield>
  </datafield>
  <datafield tag="952" ind1=" " ind2=" ">
   <subfield code="0">0</subfield>
   <subfield code="1">0</subfield>
   <subfield code="2">ddc</subfield>
   <subfield code="4">0</subfield>
   <subfield code="6">631_400000000000000_M312</subfield>
   <subfield code="7">0</subfield>
   <subfield code="9">4188</subfield>
   <subfield code="a">000001</subfield>
   <subfield code="b">000001</subfield>
   <subfield code="d">2017-11-24</subfield>
   <subfield code="o">631.4 M312</subfield>
   <subfield code="p">MD.03999</subfield>
   <subfield code="r">2017-11-24</subfield>
   <subfield code="v">23000.00</subfield>
   <subfield code="w">2017-11-24</subfield>
   <subfield code="y">BK</subfield>
  </datafield>
  <datafield tag="952" ind1=" " ind2=" ">
   <subfield code="0">0</subfield>
   <subfield code="1">0</subfield>
   <subfield code="2">ddc</subfield>
   <subfield code="4">0</subfield>
   <subfield code="6">631_400000000000000_M312</subfield>
   <subfield code="7">0</subfield>
   <subfield code="9">4189</subfield>
   <subfield code="a">000001</subfield>
   <subfield code="b">000001</subfield>
   <subfield code="d">2017-11-24</subfield>
   <subfield code="o">631.4 M312</subfield>
   <subfield code="p">MD.04000</subfield>
   <subfield code="r">2017-11-24</subfield>
   <subfield code="v">23000.00</subfield>
   <subfield code="w">2017-11-24</subfield>
   <subfield code="y">BK</subfield>
  </datafield>
  <datafield tag="952" ind1=" " ind2=" ">
   <subfield code="0">0</subfield>
   <subfield code="1">0</subfield>
   <subfield code="2">ddc</subfield>
   <subfield code="4">0</subfield>
   <subfield code="6">631_400000000000000_M312</subfield>
   <subfield code="7">0</subfield>
   <subfield code="9">4190</subfield>
   <subfield code="a">000001</subfield>
   <subfield code="b">000001</subfield>
   <subfield code="d">2017-11-24</subfield>
   <subfield code="o">631.4 M312</subfield>
   <subfield code="p">MD.04001</subfield>
   <subfield code="r">2017-11-24</subfield>
   <subfield code="v">23000.00</subfield>
   <subfield code="w">2017-11-24</subfield>
   <subfield code="y">BK</subfield>
  </datafield>
  <datafield tag="952" ind1=" " ind2=" ">
   <subfield code="0">0</subfield>
   <subfield code="1">0</subfield>
   <subfield code="2">ddc</subfield>
   <subfield code="4">0</subfield>
   <subfield code="6">631_400000000000000_M312</subfield>
   <subfield code="7">0</subfield>
   <subfield code="9">4191</subfield>
   <subfield code="a">000001</subfield>
   <subfield code="b">000001</subfield>
   <subfield code="d">2017-11-24</subfield>
   <subfield code="o">631.4 M312</subfield>
   <subfield code="p">MD.04002</subfield>
   <subfield code="r">2017-11-24</subfield>
   <subfield code="v">23000.00</subfield>
   <subfield code="w">2017-11-24</subfield>
   <subfield code="y">BK</subfield>
  </datafield>
  <datafield tag="980" ind1=" " ind2=" ">
   <subfield code="a">Thư viện Trường Đại học Nam Cần Thơ</subfield>
  </datafield>
 </record>
</collection>
